01002nam a2200241 a 450000100100000000500170001000800410002704000250006808200190009310000430011224500490015526000380020430000360024259000260027865000360030465000490034065000360038965000410042591000370046695201170050395201230062099900170074300002699920200930030535.0110328s1997 dr ac 000 0 spa d aDO-SdBNPbspacBNPHU a770.232bG216t1 aGarcía, Wilfredo,d1935-1988.95409813aEl testamento de plata /cWilfredo García. aSanto Domingo :bCorripio,c1997. a164 p. :bil., retrs. ;c28 cm. aInventariado, 2018/LP 4aFotográfos dominicanos954099 4aFotografía documentalxExposiciones954100 4aFotografía artística943005 4aArte dominicanoxExposiciones954101 aValidado. Control de calidad EMS 0010718PDaPDbPDcHDd2011-03-28iLF1l0o770.232 G216tp26999-10r2020-06-25w2020-06-25yLFPDZNo se presta 0010718PDaPDbPDcHDd2011-03-28iLF1l0o770.232 G216tp26999-20r2020-06-25te. 2w2020-06-25yLFPDZNo se presta c26491d26491